Länder nach Flüssen 4# - Statistiken

Allgemein
  • Dieses Quiz wurde 83 mal gespielt
  • Das Durchschnittsergebnis liegt bei 6 aus 14
Antwortstatistiken
Hint Antwort % Korrekt
Rhein; Regnitz Deutschland
94%
Nyugati-Kanal; Donau Ungarn
74%
Ca; Sông Đuống; Roter Fluss Vietnam
70%
Alzette Luxemburg
66%
Gelobtbach; Bohdalovský potok Tschechien
57%
Pámisos Griechenland
42%
Hantan Südkorea
34%
Pra; Volta Ghana
30%
Şəmkirçay; Iori; Alasani Aserbaidschan
25%
Orere River; Kawarau River Neuseeland
23%
River Bleng; Bleaberry Gill; Aln Vereinigtes Königreich
21%
Rio Beni Bolivien
19%
Enguri; Pozchowiszqali Georgien
19%
Wachsch; Chanaka; Kofarnihon Tadschikistan
3%
Keine übereinstimmenden Quizze gefunden
Verteilung der Resultate
Anzahl Personen mit jedem Resultat
Perzentil nach korrekt beantworteten Fragen
Ihre Resultats-Entwicklung
Sie haben dieses Quiz noch nicht gespielt